000 01661nam a2200313 a 4500
999 _c128109
_d128109
003 BLK
005 20240321124851.0
008 180409b bul|||||r ||||||| ||bul||
010 _aKNG00133828000
040 _aBLK
041 _aBUL
_cBUL
080 _aПартии и движения със социалистически и социалдемократически възгледи. Социалистически и социалдемократически партии. Вж и 327. 323
_b329.14
_x(497.2)(081.1)
_z329.14(497.2)(081.1)
100 _aБлагоев, Димитър
_gДядото
_d1856 - 1924
_qНиколов, Димитър Благоев
_9377352
139 _aБлагоев, Димитър
_bБ 47
245 1 0 _aСъчинения
_bТ. 1 -
_cДимитър Благоев; предг. от на том Петър Цанев.
_nТ. 6
_p1900 - 1901
257 _aBGR
260 _bБКП
_c1958
_aСофия
300 _c20 см
_aХХVIII, 689 с., 2 л. : факс., 1 л. : ил.
380 _a3
500 _aПълното име на авт. е Димитър Благоев Николов. - 6 100 тир.
650 4 _aБлагоев, Димитър - възгледи
_9294210
653 _aДимитър Благоев
700 1 _aЦанев, Петър
_eпредг. от на том
_9376893
760 1 _aБлагоев, Димитър
_d1958
_hХХVIII, 689 с., 2 л. : факс., 1 л. : ил.
_tТ. 6 1900 - 1901
852 _aЦб 6601
_bЦб
942 _cKNG
_n0
_s1
944 _aCR
_c19.09.2012
_lНора Радева
_k30545
944 _aED
_c2021-11-03
_l2021-11-03